La cocina jerezana en tiempos de López Velarde /
Gardado en:
| Autor Principal: | |
|---|---|
| Outros autores: | |
| Formato: | Libro |
| Idioma: | Lingua castelá |
| Edición: | 2a edición |
| Series: | (Tezontle)
|
| Temas: | |
| Etiquetas: |
Sen Etiquetas, Sexa o primeiro en etiquetar este rexistro!
|
MARC
| LEADER | 00000nam^a2200000^a^4500 | ||
|---|---|---|---|
| 001 | 000028226 | ||
| 005 | 20250521000000.0 | ||
| 009 | 20260310084838.472 | ||
| 020 | |a 968-16-2866-7 | ||
| 037 | |a Acervo ITESO - Biblioteca | ||
| 041 | |a ESP | ||
| 082 | |a 641. 50972435 |b CAB | ||
| 100 | |a Cabrera de Del Hoyo, Carmen |e (autor) | ||
| 245 | 1 | 3 | |a La cocina jerezana en tiempos de López Velarde / |c C. Cabrera de Del Hoyo ; comp. de E. del Hoyo Cabrera. |
| 250 | |a 2a edición | ||
| 264 | |a México : |b Fondo de Cultura Económica, |c 1988 | ||
| 300 | |a 104 p. | ||
| 336 | |a texto |b txt |2 rdacontenido | ||
| 337 | |a sin mediación |b n |2 rdamedio | ||
| 338 | |a volumen |b nc |2 rdasoporte | ||
| 440 | 1 | |a (Tezontle) | |
| 649 | |a XX | ||
| 650 | |a Cocina Mexicana - |z Jerez, Zacatecas - |x Recetarios | ||
| 700 | |a Hoyo Cabrera, Eugenio del |e (autor) | ||
| 910 | |a Fondo General | ||
| 920 | |a Impresos - Libros | ||
| 930 | |a Reserva Especial | ||
| 905 | |a 103 | ||
| 901 | |a 0282260100 |b IT1 |c REE |i 028226 |u 20250521 | ||
| 902 | |a https://opac.biblio.iteso.mx/vufind/Record/000028226 | ||